LEADER 01342nam a2200313 i 4500 001 000000147484 003 CaOOAMICUS 005 20251203145035.0 008 060203s1981 it u000 u ita u 013 $a124696 040 $aSeMil$bita 100 1 $aHusserl, Edmund,$d<1859-1938>.$0(OLS)http://semarc/name/3630 240 14$aDie Idee der Phanomenologie.$0(OLS)http://semarc/title/215629 245 12$aL'idea della fenomenologia :$bcinque lezioni /$cEdmund Husserl ; introduzione e traduzione di Andrea Vasa ; a cura di Marino Rosso. 260 $aMilano :$bIl Saggiatore,$c1981. 300 $a121 p. ;$c21 cm. 490 0 $aLa cultura ;$v2 500 $aContiene : Appendice critica. - Fondo Ciprandi. 650 4$aFenomenologia - Filosofia.$0(OLS)http://semarc/subject/1114 700 1 $aRosso, Marino.$0(OLS)http://semarc/name/39831 700 1 $aVasa, Andrea.$0(OLS)http://semarc/name/55865 830 3$aLa cultura ;$v2.$0(OLS)http://semarc/title/6877 850 $aSeMil 852 $aSeMil$W1$xVenegono$y1$m2P II 627$j100036$B100036$CSeMilBibl$Z2$F108956 $81 941 1 $a1 961 $aOmaggio: Ciprandi dott. Paolo 996 $6245$aL'idea della fenomenologia :$bcinque lezioni$9(OLS)http://semarc/title/215628 996 $6260$aMilano :$bIl Saggiatore$9(OLS)http://semarc/publisher/30255 LEADER 01423nam a2200301 i 4500 001 000000177947 003 CaOOAMICUS 005 20090303000000.0 008 090303s2009 it u000 u ita u 013 $a155516 020 $a978-88-89923-46-7 040 $aSeMil$bita 245 10$aImmaginari: cura e creatività :$bl'esperienza immaginativa dal neurone alla psicoterapia /$ca cura di Alberto Passerini ; [prefazione di Bruno Callieri]. 260 $aRoma :$bAlpes,$c2009. 300 $aXIV, 225 p. ;$c24 cm. 490 0 $aPsicoterapia e cultura 500 $aContiene: Bibliografia. - Copia autografa dell'autore - Dono del Card. Dionigi Tettamanzi. 650 4$aImmaginazione - Psicologia educativa.$0(OLS)http://semarc/subject/33982 700 1 $aCallieri, Bruno <1923- >.$0(OLS)http://semarc/name/35593 700 1 $aPasserini, Alberto <1968- >.$0(OLS)http://semarc/name/66181 830 0$aPsicoterapia e cultura.$0(OLS)http://semarc/title/27474 850 $aSeMil 852 $aSeMil$W1$xVenegono$y1$m2Q IV 36$j128743$B128743$CSeMilBibl$Z2$F139931 $81 941 1 $a5 961 $aOmaggio: Tettamanzi Card. Dionigi 996 $6020$a978-88-89923-46-7$9(OLS)http://semarc/number/166868 996 $6245$aImmaginari: cura e creatività :$bl'esperienza immaginativa dal neurone alla psicoterapia$9(OLS)http://semarc/title/255570 996 $6260$aRoma :$bAlpes$9(OLS)http://semarc/publisher/35383